Una oportunidad para Paraguay: los desafíos de Fernando Lugo /
Sparad:
| Huvudupphovsman: | |
|---|---|
| Materialtyp: | Text |
| Taggar: |
Lägg till en tagg
Inga taggar, Lägg till första taggen!
|
MARC
| LEADER | 00000 a a2200000 04500 | ||
|---|---|---|---|
| 001 | 10913 | ||
| 003 | |||
| 040 | |||
| 100 | |a Nickson, Andrew | ||
| 245 | |a Una oportunidad para Paraguay: |b los desafíos de Fernando Lugo / |c Andrew Nickson | ||
| 773 | |g número 216; páginas 4-16 | ||
| 999 | |c 32259 |d 32259 | ||
